• 首页
  • 本馆介绍
  • 公告通知
  • 最新文献
  • 馆藏检索
  • 电子资源
  • 读者荐购
  • 参考咨询
  • CALIS
  • 我的图书馆
  • 登录
  • 详细信息显示
  • 放入我的书架
  • 预约/预借图书
  • 作者相关作品
  • 分类相关作品
  • 丛书相关作品
  • 出版社相关作品

书目信息

  • 表格格式
  • 工作单格式
  • 卡片格式
题名:
二氧化碳灭火系统设计规范 GB 50193-93
    
 
作者: 中华人民共和国公安部 主编
分册:  
出版信息: 北京   中国计划出版社  1998.08
页数: 58页
开本: 32开
丛书名:
单 册:
中图分类: TU998.132
科图分类:
主题词: 市政工程 , 城市公共设施
电子资源:
ISBN:
 
 
 
 
 
000 00682nam0 2200205 45
001 0009261066
005 20001229155505.4
010    @d13.00元
100    @a20000926d1998 km y0chiy0120 ea
101 0  @achi
105    @a z 000yy
200 1  @a二氧化碳灭火系统设计规范 GB 50193-93@AEr Yang Hua Tan Mie Huo Xi Tong She Ji Gui Fan GB 50193-93@f中华人民共和国公安部主编@FZhong Hua Ren Min Gong He Guo Gong An Bu Zhu Bian
210    @a北京@c中国计划出版社@d1998.08
215    @a58页@d32开
606 0  @a市政工程
606 0  @a城市公共设施
690    @aTU998.132@v3
701  0 @a中华人民共和国公安部@4主编
801    @aCN@bPftUser@c20000926
905    @dTU998.132@eZH706-1@b317942-946@f5
    
    二氧化碳灭火系统设计规范 GB 50193-93/中华人民共和国公安部主编.-北京:中国计划出版社,1998.08
    58页;32开
    
    
    ISBN :13.00元
    
●
相关链接 在E读中查询图书 在当当中查询图书 在豆瓣中查询图书


正题名:二氧化碳灭火系统设计规范GB 50193-93     索取号:TU998.132/ZH706-1         预约/预借

序号 登录号 条形码 馆藏地/架位号 状态 备注
1 317942   203179425   自科二线404/404自科库 22排6列5层/ [索取号:TU998.132/ZH706-1] 在馆    
2 317943   203179434   自科二线404/404自科库 22排4列2层/ [索取号:TU998.132/ZH706-1] 在馆    
3 317944   203179443   建筑库201/201建筑库 142排2列3层/ [索取号:TU998.132/ZH706-1] 在馆    
4 317945   203179452   自科二线404/404自科库 22排4列2层/ [索取号:TU998.132/ZH706-1] 在馆    
5 317946   203179461   自科二线404/404自科库 22排4列3层/ [索取号:TU998.132/ZH706-1] 在馆    
河南城建学院图书馆 欢迎您!
大连网信软件有限公司© 版权所有